| 000 | 00491cab a2200217 4500 | ||
|---|---|---|---|
| 001 | X72 | ||
| 008 | 090401t1991 xxu||||| |||| 00| 0 eng d | ||
| 035 | _a(Sirsi) u44953 | ||
| 041 | _aeng | ||
| 100 | _aWhite, P. | ||
| 245 | _aTapping a new source | ||
| 260 | _c1991 | ||
| 350 | _a0 | ||
| 490 |
_aSurveyor _v176(5170) 21 November 1991, 8-10(3) |
||
| 650 | _aDOWSING | ||
| 650 | _aISLES OF SCILLY | ||
| 650 | _aWATER SUPPLY | ||
| 690 | _aWATER | ||
| 942 | _n0 | ||
| 948 | _c04/03/1997 | ||
| 999 |
_c28573 _d28573 |
||